01202nam a2200277Ia 4500003000900000008004100009020001800050040001600068080002300084111008800107245026900195260003700464300002100501490005100522650004100573650002300614650001600637650002300653700003100676700003100707700002500738710003700763942000700800999001700807952010000824IN-BaIIA211028s9999 xx 000 0 eng d a0-7923-1164-7 cIIA Library a52(082.1)bASS-167 aColloquium of the International Astronomical UnioncGermanyd1989 Apr. 24-28917575 0aComets in the post-halley erabvol. 1, reviews presented at the 121st colloquium of the International Astronomical Union held in Bamberg, Germany, April 24-28, 1989cedited by R. L. Newburn, M. Neugebauer and Rahe J.  aDordrechtbKulwer Academicc1991 a2v. (xiv, 688p.) aAstrophysics and Space Science Library; v. 167 aAstronomy and Astrophysics Thesaurus aComet Halley94021 aComets9755 aPost-Halley917576 aNeugebauer, M., ed.917577 aNewburn, R. L., ed.917578 aRahe, J., ed.910098 aInternational Astronomical Union cBK c10345d10345 00104070aBANbBANcGENd1992-04-24l0o52(082.1)/ ASS-167p11255r2021-11-05w1992-04-24yBK